[Event "Muensterland Regionalliga Gr1 2223"]
[Site "Germany"]
[Date "2023.01.14"]
[Round "5.1"]
[White "Koch, Alexander"]
[Black "Hiller, Simon"]
[Result "0-1"]
[WhiteElo "2028"]
[BlackElo "2157"]
[PlyCount "60"]
[EventDate "2022.09.03"]
[EventType "team-tourn"]
[EventRounds "7"]
[EventCountry "GER"]
[SourceTitle "EXT 2024"]
[Source "ChessBase"]
[SourceDate "2023.10.10"]
[SourceVersion "1"]
[SourceVersionDate "2023.10.10"]
[SourceQuality "1"]
[WhiteTeam "Metelen"]
[BlackTeam "Emsdetten Rochade"]
[WhiteTeamCountry "GER"]
[BlackTeamCountry "GER"]

1. e4 c6 2. c4 d5 3. cxd5 cxd5 4. exd5 Nf6 5. Bb5+ Nbd7 6. Nc3 a6 7. Qa4 Rb8 8. Bxd7+ Qxd7 9. Qf4 Ra8 10. Nf3 Nxd5 11. Nxd5 Qxd5 12. 0-0 g6 13. Re1 Bg7 14. Qh4 0-0 15. Rxe7 Bd7 16. d4 Rfe8 17. Bg5 Bc6 18. b3 Qf5 19. Re3 f6 20. Bh6 g5 21. Qh5 Rxe3 22. fxe3 Be8 23. Nh4 Qe4 24. Qf3 Qxf3 25. gxf3 Bxh6 26. Nf5 Bf8 27. d5 Bd7 28. Nd4 Rc8 29. Kf2 Rc5 30. e4 Bd6 0-1

[Event "Muensterland Regionalliga Gr1 2223"]
[Site "Germany"]
[Date "2022.11.26"]
[Round "4.1"]
[White "Fuest, Martin"]
[Black "Koch, Alexander"]
[Result "1/2-1/2"]
[WhiteElo "2148"]
[BlackElo "2028"]
[PlyCount "51"]
[EventDate "2022.09.03"]
[EventType "team-tourn"]
[EventRounds "7"]
[EventCountry "GER"]
[SourceTitle "EXT 2024"]
[Source "ChessBase"]
[SourceDate "2023.10.10"]
[SourceVersion "1"]
[SourceVersionDate "2023.10.10"]
[SourceQuality "1"]
[WhiteTeam "Bocholt"]
[BlackTeam "Metelen"]
[WhiteTeamCountry "GER"]
[BlackTeamCountry "GER"]

1. d4 Nf6 2. Nf3 g6 3. g3 Bg7 4. Bg2 d5 5. c4 0-0 6. cxd5 Nxd5 7. 0-0 c6 8. Nc3 Nd7 9. e4 Nxc3 10. bxc3 e5 11. a4 Re8 12. Qc2 exd4 13. cxd4 c5 14. Bg5 f6 15. Be3 cxd4 16. Nxd4 Ne5 17. h3 Kh8 18. Rab1 Re7 19. Rfd1 Bd7 20. Qb3 Qe8 21. Ra1 a6 22. a5 Nc6 23. Qa3 Nxd4 24. Bxd4 Bc6 25. Rab1 Re6 26. f3 1/2-1/2

[Event "Muensterland Regionalliga playoff Gr2"]
[Site "Germany"]
[Date "2022.03.19"]
[Round "1.2"]
[White "Koch, Alexander"]
[Black "Lemli, Thomas"]
[Result "1-0"]
[WhiteElo "2016"]
[BlackElo "1986"]
[PlyCount "61"]
[EventDate "2022.03.19"]
[EventType "team-tourn"]
[EventRounds "5"]
[EventCountry "GER"]
[SourceTitle "EXT 2023"]
[Source "ChessBase"]
[SourceDate "2022.10.05"]
[SourceVersion "1"]
[SourceVersionDate "2022.10.05"]
[SourceQuality "1"]
[WhiteTeam "Metelen"]
[BlackTeam "Emsdetten Rochade"]
[WhiteTeamCountry "GER"]
[BlackTeamCountry "GER"]

1. e4 c6 2. c4 d5 3. cxd5 cxd5 4. exd5 Nf6 5. Bb5+ Nbd7 6. Nc3 g6 7. Nf3 Bg7 8. 0-0 0-0 9. d6 exd6 10. d4 Nb6 11. Bg5 h6 12. Bh4 Bf5 13. a4 a6 14. Bd3 Bxd3 15. Qxd3 Rc8 16. Rfe1 Qd7 17. Bxf6 Bxf6 18. a5 Na8 19. Nd5 Qd8 20. Qe4 Rc6 21. Rac1 Rxc1 22. Rxc1 Bg7 23. Ne7+ Kh8 24. Qxb7 Qxa5 25. Nd5 Qb5 26. Qxb5 axb5 27. Rc6 Rd8 28. Kf1 g5 29. h3 f5 30. g4 Rf8 31. Ne7 1-0

[Event "Muensterland Regionalliga 1920"]
[Site "Germany"]
[Date "2020.02.22"]
[Round "7.2"]
[White "Koch, Alexander"]
[Black "Langhans, Joerg"]
[Result "0-1"]
[WhiteElo "2027"]
[BlackElo "1947"]
[PlyCount "24"]
[EventDate "2019.09.07"]
[EventType "team-tourn"]
[EventRounds "7"]
[EventCountry "GER"]
[SourceTitle "EXT 2023"]
[Source "ChessBase"]
[SourceDate "2022.10.05"]
[SourceVersion "1"]
[SourceVersionDate "2022.10.05"]
[SourceQuality "1"]
[WhiteTeam "Metelen"]
[BlackTeam "Rheine Klein Berlin"]
[WhiteTeamCountry "GER"]
[BlackTeamCountry "GER"]

1. e4 e5 2. Nf3 Nf6 3. Nc3 Nc6 4. Bc4 Nxe4 5. Nxe4 d5 6. Bxd5 Qxd5 7. d3 Bg4 8. 0-0 0-0-0 9. h3 Bh5 10. g4 Bg6 11. Re1 Bxe4 12. Rxe4 Qxe4 0-1

[Event "Muensterland Verbandsliga 1819"]
[Site "Germany"]
[Date "2019.02.16"]
[Round "7.1"]
[White "Koch, Alexander"]
[Black "Scho, Christian"]
[Result "1/2-1/2"]
[WhiteElo "2000"]
[BlackElo "2047"]
[PlyCount "60"]
[EventDate "2018.09.01"]
[EventType "team-tourn"]
[EventRounds "9"]
[EventCountry "GER"]
[SourceTitle "EXT 2020"]
[Source "ChessBase"]
[SourceDate "2019.10.17"]
[SourceVersion "1"]
[SourceVersionDate "2019.10.17"]
[SourceQuality "1"]
[WhiteTeam "Metelen"]
[BlackTeam "Gescher"]
[WhiteTeamCountry "GER"]
[BlackTeamCountry "GER"]

1. e4 c5 2. Nc3 e6 3. f4 Nc6 4. Nf3 d5 5. Bb5 Nge7 6. 0-0 a6 7. Bxc6+ Nxc6 8. d3 Be7 9. Ne5 0-0 10. Qg4 f5 11. exf5 exf5 12. Qf3 Nxe5 13. fxe5 Be6 14. Ne2 g5 15. d4 c4 16. c3 b5 17. h4 g4 18. Qe3 Qe8 19. Qh6 Qg6 20. h5 Qxh6 21. Bxh6 Rfb8 22. Ng3 Rb6 23. Bd2 Rf8 24. a3 a5 25. Kh2 Kg7 26. Ne2 h6 27. Kg3 Bg5 28. Nf4 Bxf4+ 29. Rxf4 a4 30. Raf1 Rb7 1/2-1/2

[Event "Muensterland Verbandsliga 1718"]
[Site "Germany"]
[Date "2017.12.09"]
[Round "4.2"]
[White "Ortmeier, Leonhard"]
[Black "Koch, Alexander"]
[Result "1/2-1/2"]
[WhiteElo "2099"]
[BlackElo "2013"]
[PlyCount "115"]
[EventDate "2017.09.09"]
[EventType "team-tourn"]
[EventRounds "9"]
[EventCountry "GER"]
[SourceTitle "EXT 2019"]
[Source "ChessBase"]
[SourceDate "2018.10.10"]
[SourceVersion "1"]
[SourceVersionDate "2018.10.10"]
[SourceQuality "1"]
[WhiteTeam "Emsdetten Rochade II"]
[BlackTeam "Metelen"]
[WhiteTeamCountry "GER"]
[BlackTeamCountry "GER"]

1. e4 c5 2. Nf3 Nc6 3. d4 cxd4 4. Nxd4 Nf6 5. Nc3 d6 6. Bg5 a6 7. Qd2 Nxd4 8. Qxd4 e5 9. Qd2 Be6 10. 0-0-0 Rc8 11. Bxf6 Qxf6 12. Nd5 Bxd5 13. Qxd5 Qxf2 14. Bd3 Rc7 15. b4 Qb6 16. Qb3 g6 17. Rhf1 Bh6+ 18. Kb1 0-0 19. Rf3 Kg7 20. Rdf1 Qd4 21. R1f2 Be3 22. Re2 Bf4 23. Rf1 Bxh2 24. Ref2 Bf4 25. Rf3 b5 26. Rd1 Rfc8 27. a3 h5 28. g3 Bg5 29. Rdf1 f5 30. Qe6 fxe4 31. Rf7+ Kh6 32. Rxc7 Rxc7 33. Rf8 Bd2 34. Qf6 exd3 35. Rh8+ Rh7 36. Qf8+ Kg5 37. Rxh7 dxc2+ 38. Kxc2 Qc3+ 39. Kd1 Be3 40. Qxd6 Qd4+ 41. Qxd4 Bxd4 42. Ke2 Kg4 43. Rh6 Kf5 44. Rh8 Bb2 45. Ra8 Bxa3 46. Rxa6 Bxb4 47. Rb6 g5 48. Rxb5 Bc3 49. Kf3 Bd4 50. Ra5 Bb6 51. Rb5 Bd8 52. Rb8 e4+ 53. Kf2 Bc7 54. Rb7 Bd6 55. Rb3 e3+ 56. Kxe3 Bxg3 57. Rb5+ Kg4 58. Rxg5+ 1/2-1/2

[Event "Muensterland Verbandsklasse 1314"]
[Site "Germany"]
[Date "2014.03.08"]
[Round "7.1"]
[White "Schroer, Klaus"]
[Black "Koch, Alexander"]
[Result "1-0"]
[WhiteElo "1992"]
[BlackElo "2057"]
[PlyCount "41"]
[EventDate "2013.09.21"]
[EventType "team-tourn"]
[EventRounds "9"]
[EventCountry "GER"]
[SourceTitle "EXT 2015"]
[Source "ChessBase"]
[SourceDate "2014.11.20"]
[SourceVersion "1"]
[SourceVersionDate "2014.11.20"]
[SourceQuality "1"]
[WhiteTeam "Borken"]
[BlackTeam "Metelen"]
[WhiteTeamCountry "GER"]
[BlackTeamCountry "GER"]

1. e4 c5 2. c3 d6 3. d4 Nd7 4. Be3 g6 5. Nd2 Bg7 6. Bd3 Ngf6 7. h3 0-0 8. Ne2 e5 9. d5 Ne8 10. g4 Nb6 11. Ng3 Bf6 12. c4 Bg5 13. Qe2 Na4 14. b3 Nc3 15. Bxg5 Qxg5 16. Qe3 Qxe3+ 17. fxe3 a6 18. a4 Rb8 19. a5 b5 20. axb6 Rxb6 21. 0-0 1-0

[Event "Muensterland Verbandsklasse 1314"]
[Site "Germany"]
[Date "2013.11.23"]
[Round "3.1"]
[White "Loesing, Henrik"]
[Black "Koch, Alexander"]
[Result "1-0"]
[WhiteElo "1914"]
[BlackElo "2057"]
[PlyCount "53"]
[EventDate "2013.09.21"]
[EventType "team-tourn"]
[EventRounds "9"]
[EventCountry "GER"]
[SourceTitle "EXT 2015"]
[Source "ChessBase"]
[SourceDate "2014.11.20"]
[SourceVersion "1"]
[SourceVersionDate "2014.11.20"]
[SourceQuality "1"]
[WhiteTeam "Stadtlohn"]
[BlackTeam "Metelen"]
[WhiteTeamCountry "GER"]
[BlackTeamCountry "GER"]

1. e4 c5 2. Nf3 Nc6 3. d3 g6 4. g3 Bg7 5. Bg2 d6 6. 0-0 Nf6 7. Re1 0-0 8. Nbd2 Rb8 9. Nf1 b5 10. c3 b4 11. d4 bxc3 12. bxc3 Qa5 13. e5 dxe5 14. d5 Rd8 15. c4 e4 16. Bd2 Qb6 17. dxc6 exf3 18. Bxf3 Be6 19. Rxe6 fxe6 20. Qe1 Rd6 21. Ba5 Qa6 22. Bc7 Re8 23. Bxd6 exd6 24. Rb1 Re7 25. c7 Rxc7 26. Qxe6+ Rf7 27. Rb7 1-0

[Event "Muensterland Verbandsklasse-A 1213"]
[Site "Germany"]
[Date "2012.11.17"]
[Round "3.1"]
[White "Koch, Alexander"]
[Black "Roesner, Harald"]
[Result "1-0"]
[WhiteElo "2073"]
[BlackElo "1814"]
[PlyCount "57"]
[EventDate "2012.09.15"]
[EventType "team-tourn"]
[EventRounds "9"]
[EventCountry "GER"]
[SourceTitle "EXT 2015"]
[Source "ChessBase"]
[SourceDate "2014.11.20"]
[SourceVersion "1"]
[SourceVersionDate "2014.11.20"]
[SourceQuality "1"]
[WhiteTeam "Metelen"]
[BlackTeam "Neuenkirchen II"]
[WhiteTeamCountry "GER"]
[BlackTeamCountry "GER"]

1. e4 e5 2. Nf3 Nc6 3. Bc4 Nf6 4. d3 h6 5. Be3 g6 6. a3 Bg7 7. Nc3 d6 8. h3 0-0 9. Qd2 Kh7 10. g4 Ng8 11. 0-0-0 a6 12. Rdg1 Be6 13. h4 Qd7 14. Bxe6 fxe6 15. Ng5+ Kh8 16. h5 hxg5 17. hxg6+ Nh6 18. Bxg5 Kg8 19. Bxh6 Rf6 20. g5 Rxg6 21. Ne2 Rf8 22. f4 Qf7 23. Bxg7 Qxg7 24. Ng3 exf4 25. Nh5 Qd4 26. Nxf4 Rxf4 27. Qxf4 Qc5 28. Rh8+ Kxh8 29. Qf8+ 1-0

[Event "Muensterland Verbandsklasse-A 1112"]
[Site "Germany"]
[Date "2012.02.11"]
[Round "6.1"]
[White "Koch, Alexander"]
[Black "Koke, Christoph"]
[Result "1/2-1/2"]
[WhiteElo "2090"]
[BlackElo "2065"]
[PlyCount "49"]
[EventDate "2011.09.17"]
[EventType "team-tourn"]
[EventRounds "9"]
[EventCountry "GER"]
[SourceTitle "EXT 2013"]
[Source "ChessBase"]
[SourceDate "2012.11.22"]
[SourceVersion "1"]
[SourceVersionDate "2012.11.22"]
[SourceQuality "1"]
[WhiteTeam "Metelen"]
[BlackTeam "Olfen"]
[WhiteTeamCountry "GER"]
[BlackTeamCountry "GER"]

1. e4 c5 2. Nc3 d6 3. f4 g6 4. Nf3 Bg7 5. Bc4 Nc6 6. 0-0 Nf6 7. d3 0-0 8. Qe1 Nd4 9. Nxd4 cxd4 10. Nd5 Nxd5 11. Bxd5 e6 12. Bb3 a5 13. a4 Kh8 14. Bd2 Bd7 15. Rf3 f5 16. Rh3 e5 17. fxe5 dxe5 18. exf5 Bxf5 19. Rf3 Qb6 20. Rb1 Rfe8 21. Qf2 Rac8 22. Rf1 Qc5 23. Kh1 e4 24. dxe4 Rxe4 25. c3 1/2-1/2

[Event "Muensterland Verbandsklasse-A 1112"]
[Site "Germany"]
[Date "2012.01.14"]
[Round "5.1"]
[White "Koch, Alexander"]
[Black "Beckmann, David"]
[Result "1-0"]
[WhiteElo "2090"]
[BlackElo "1886"]
[PlyCount "65"]
[EventDate "2011.09.17"]
[EventType "team-tourn"]
[EventRounds "9"]
[EventCountry "GER"]
[SourceTitle "EXT 2013"]
[Source "ChessBase"]
[SourceDate "2012.11.22"]
[SourceVersion "1"]
[SourceVersionDate "2012.11.22"]
[SourceQuality "1"]
[WhiteTeam "Metelen"]
[BlackTeam "Borken"]
[WhiteTeamCountry "GER"]
[BlackTeamCountry "GER"]

1. e4 e6 2. d4 d5 3. e5 c5 4. c3 Nc6 5. Nf3 Nge7 6. Bd3 cxd4 7. cxd4 Nf5 8. 0-0 Nfxd4 9. Nxd4 Nxd4 10. Nc3 Nc6 11. Re1 a6 12. a4 Bc5 13. Qg4 Kf8 14. Rb1 Qb6 15. Qf4 Qb4 16. Qg3 d4 17. Re4 Qb3 18. Na2 Qxa2 19. b3 Nb4 20. Re2 Qxb1 21. Bxb1 Bd7 22. Re4 Bc6 23. Rg4 g6 24. Qh4 Nd5 25. Be4 h5 26. Bxd5 Bxd5 27. Qf6 Rg8 28. Bh6+ Ke8 29. Rf4 Kd7 30. Qxf7+ Kc6 31. b4 d3 32. bxc5 Bb3 33. Rb4 1-0

[Event "Muensterland Verbandsklasse-A 1112"]
[Site "Germany"]
[Date "2011.09.17"]
[Round "1.1"]
[White "Koch, Alexander"]
[Black "Sparwel, Oliver"]
[Result "1/2-1/2"]
[WhiteElo "2090"]
[BlackElo "2005"]
[PlyCount "48"]
[EventDate "2011.09.17"]
[EventType "team-tourn"]
[EventRounds "9"]
[EventCountry "GER"]
[SourceTitle "EXT 2013"]
[Source "ChessBase"]
[SourceDate "2012.11.22"]
[SourceVersion "1"]
[SourceVersionDate "2012.11.22"]
[SourceQuality "1"]
[WhiteTeam "Metelen"]
[BlackTeam "Suedlohn II"]
[WhiteTeamCountry "GER"]
[BlackTeamCountry "GER"]

1. e4 d6 2. d4 Nf6 3. Bd3 e5 4. c3 g6 5. Ne2 Bg7 6. 0-0 Nc6 7. f4 Bg4 8. d5 Ne7 9. fxe5 dxe5 10. c4 c5 11. Nbc3 0-0 12. Qe1 Bxe2 13. Bxe2 Ne8 14. Rf3 f5 15. Qh4 Bf6 16. Qf2 b6 17. Bh6 Rf7 18. exf5 Nxf5 19. Rxf5 gxf5 20. Bh5 Nd6 21. Bxf7+ Kxf7 22. Qe2 Qg8 23. Rf1 Qg6 24. Bd2 e4 1/2-1/2

[Event "Muensterland Verbandsklasse-A 1011"]
[Site "Germany"]
[Date "2011.04.09"]
[Round "9.1"]
[White "Beckmann, Christian"]
[Black "Koch, Alexander"]
[Result "0-1"]
[WhiteElo "1862"]
[BlackElo "2137"]
[PlyCount "52"]
[EventDate "2010.09.18"]
[EventType "team-tourn"]
[EventRounds "9"]
[EventCountry "GER"]
[SourceTitle "EXT 2012"]
[Source "ChessBase"]
[SourceDate "2011.11.24"]
[SourceVersion "1"]
[SourceVersionDate "2011.11.24"]
[SourceQuality "1"]
[WhiteTeam "Ahaus Wessum II"]
[BlackTeam "Metelen"]
[WhiteTeamCountry "GER"]
[BlackTeamCountry "GER"]

1. e4 c5 2. Nf3 Nc6 3. d4 cxd4 4. Nxd4 Nf6 5. Nc3 e6 6. Be3 Bb4 7. f3 0-0 8. Qd2 d5 9. a3 Bxc3 10. Qxc3 dxe4 11. 0-0-0 Nd5 12. Nxc6 bxc6 13. Qxc6 Bd7 14. Qc5 Rc8 15. Qxa7 exf3 16. gxf3 Qf6 17. Bd4 Qf5 18. Bd3 Qf4+ 19. Rd2 Rc7 20. Qa5 f5 21. Bc5 Rfc8 22. Bf2 Ba4 23. c4 Bb3 24. Bg3 Qxf3 25. Rf1 Rxc4+ 26. Kb1 Qxf1+ 0-1

[Event "Muensterland Verbandsklasse-A 1011"]
[Site "Germany"]
[Date "2010.10.09"]
[Round "2.1"]
[White "Winking, Hendrik"]
[Black "Koch, Alexander"]
[Result "1-0"]
[WhiteElo "1933"]
[BlackElo "2137"]
[PlyCount "83"]
[EventDate "2010.09.18"]
[EventType "team-tourn"]
[EventRounds "9"]
[EventCountry "GER"]
[SourceTitle "EXT 2012"]
[Source "ChessBase"]
[SourceDate "2011.11.24"]
[SourceVersion "1"]
[SourceVersionDate "2011.11.24"]
[SourceQuality "1"]
[WhiteTeam "Stadtlohn"]
[BlackTeam "Metelen"]
[WhiteTeamCountry "GER"]
[BlackTeamCountry "GER"]

1. e4 c5 2. Nc3 Nc6 3. Bc4 e6 4. Nf3 a6 5. a4 Nf6 6. d4 d5 7. exd5 exd5 8. Be2 Qb6 9. a5 Nxa5 10. Na4 Qd8 11. dxc5 Nc6 12. 0-0 Be6 13. Nd4 Nd7 14. Nxe6 fxe6 15. Bg4 Nxc5 16. Nxc5 Bxc5 17. Bxe6 Ne7 18. Qh5+ g6 19. Qe5 Rf8 20. Bh6 Bd6 21. Qe2 Rf5 22. Bxf5 gxf5 23. Bg5 Qc7 24. Bxe7 Qxe7 25. Qh5+ Kd7 26. Qxf5+ Kc7 27. Rfe1 Qg7 28. Qxd5 Rd8 29. Qa5+ Kc8 30. g3 Rf8 31. Qb6 Qg6 32. Rad1 Rf6 33. Qe3 Qf5 34. Re2 h5 35. Qe4 Qg5 36. Rd5 Qc1+ 37. Kg2 Qxb2 38. c4 Qb4 39. Qe8+ Kc7 40. c5 Bxc5 41. Qe5+ Kc6 42. Rxc5+ 1-0

[Event "Muensterland-ch"]
[Site "Muenster"]
[Date "2010.04.04"]
[Round "6"]
[White "Koch, Alexander"]
[Black "Funke, Reinhard"]
[Result "1-0"]
[WhiteElo "2111"]
[BlackElo "2185"]
[PlyCount "77"]
[EventDate "2010.04.02"]
[EventType "swiss"]
[EventRounds "7"]
[EventCountry "GER"]
[SourceTitle "CBM 136 Extra"]
[Source "ChessBase"]
[SourceDate "2010.07.02"]
[SourceVersion "2"]
[SourceVersionDate "2010.07.15"]
[SourceQuality "1"]

1. e4 c5 2. Nc3 Nc6 3. f4 e6 4. Nf3 d5 5. d3 g6 6. g3 Bg7 7. Bg2 Nge7 8. 0-0 b6 9. Ng5 Nd4 10. f5 exf5 11. exd5 0-0 12. Bf4 Bb7 13. d6 Nec6 14. Nd5 Qd7 15. Nc7 h6 16. Nh3 Rab8 17. Nd5 Ne6 18. Bxh6 Qxd6 19. Qd2 Ne5 20. c4 Ng4 21. Bxg7 Kxg7 22. Nhf4 Rh8 23. h3 Ne5 24. Rae1 Nd4 25. Re3 Rbe8 26. Rfe1 g5 27. Ne2 Bxd5 28. cxd5 f6 29. Rf1 g4 30. hxg4 fxg4 31. Nxd4 cxd4 32. Re4 Rh5 33. Rxd4 Qc5 34. Qf2 f5 35. b4 Qc3 36. d6 Nxd3 37. Rxg4+ fxg4 38. Qf7+ Kh6 39. Rf6+ 1-0

[Event "Muensterland-ch"]
[Site "Muenster"]
[Date "2010.04.03"]
[Round "3"]
[White "Hemmert, Michael"]
[Black "Koch, Alexander"]
[Result "0-1"]
[WhiteElo "1877"]
[BlackElo "2111"]
[PlyCount "66"]
[EventDate "2010.04.02"]
[EventType "swiss"]
[EventRounds "7"]
[EventCountry "GER"]
[SourceTitle "CBM 136 Extra"]
[Source "ChessBase"]
[SourceDate "2010.07.02"]
[SourceVersion "2"]
[SourceVersionDate "2010.07.15"]
[SourceQuality "1"]

1. d4 Nf6 2. Bf4 g6 3. e3 d6 4. Bd3 Bg7 5. Nf3 0-0 6. h3 c5 7. Nbd2 Nc6 8. Bh2 Nb4 9. Qe2 b5 10. c3 Nxd3+ 11. Qxd3 Qb6 12. 0-0 Ba6 13. b4 cxb4 14. cxb4 Rfc8 15. Rac1 Bb7 16. Nb3 Be4 17. Qd2 Qb7 18. Ne1 Rxc1 19. Nxc1 Rc8 20. f3 Qc6 21. Ne2 Bd5 22. e4 Bc4 23. Rf2 Qa6 24. e5 Nd5 25. Nc3 Nxb4 26. Ne4 Nc6 27. f4 Rd8 28. Nf3 Qb6 29. exd6 f5 30. dxe7 Nxe7 31. Nc5 Bxd4 32. Nxd4 Qxc5 33. Ne6 Rxd2 0-1

[Event "Muensterland-ch"]
[Site "Muenster"]
[Date "2010.04.03"]
[Round "4"]
[White "Koch, Alexander"]
[Black "Sommer, Uwe"]
[Result "1-0"]
[WhiteElo "2111"]
[BlackElo "2064"]
[PlyCount "47"]
[EventDate "2010.04.02"]
[EventType "swiss"]
[EventRounds "7"]
[EventCountry "GER"]
[SourceTitle "CBM 136 Extra"]
[Source "ChessBase"]
[SourceDate "2010.07.02"]
[SourceVersion "2"]
[SourceVersionDate "2010.07.15"]
[SourceQuality "1"]

1. e4 e5 2. Nc3 Nc6 3. Nf3 Nf6 4. Bb5 Bc5 5. 0-0 0-0 6. d3 d6 7. a3 Bg4 8. Bxc6 bxc6 9. h3 Bh5 10. Be3 Bb6 11. Kh2 Qd7 12. Rg1 Kh8 13. g4 Bxg4 14. Bxb6 Bxf3 15. Qxf3 cxb6 16. Rxg7 Qe6 17. Rag1 Rg8 18. Qg3 d5 19. exd5 cxd5 20. Qg5 e4 21. Nxd5 Qd6+ 22. Kh1 Qf8 23. Qxf6 Rxg7 24. Ne7 1-0

[Event "Muensterland Verbandsklasse-B 0910"]
[Site "Germany"]
[Date "2010.02.20"]
[Round "7.1"]
[White "Koch, Alexander"]
[Black "Scho, Christian"]
[Result "1/2-1/2"]
[WhiteElo "2117"]
[BlackElo "2126"]
[PlyCount "50"]
[EventDate "2009.09.19"]
[EventType "team-tourn"]
[EventRounds "9"]
[EventCountry "GER"]
[SourceTitle "EXT 2011"]
[Source "ChessBase"]
[SourceDate "2010.11.26"]
[SourceVersion "1"]
[SourceVersionDate "2010.11.26"]
[SourceQuality "1"]
[WhiteTeam "Metelen"]
[BlackTeam "Ochtrup"]
[WhiteTeamCountry "GER"]
[BlackTeamCountry "GER"]

1. e4 c6 2. c4 e5 3. Nc3 Nf6 4. Nf3 Qa5 5. Be2 Bb4 6. 0-0 0-0 7. d3 d5 8. exd5 cxd5 9. Nxe5 Bxc3 10. bxc3 Qxc3 11. Bf4 Re8 12. d4 Nc6 13. Nxc6 bxc6 14. Be5 Ne4 15. cxd5 cxd5 16. Bb5 Re7 17. Rc1 Qd2 18. Qb3 Bb7 19. Bc6 Bxc6 20. Rxc6 Qa5 21. Rfc1 h6 22. Bf4 Rae8 23. h4 Nd2 24. Qc2 Nc4 25. Bg3 Re4 1/2-1/2

[Event "Muensterland Cup-A 0910 fin"]
[Site "Telgte"]
[Date "2010.??.??"]
[Round "?"]
[White "Emunds, Hans Georg"]
[Black "Koch, Alexander"]
[Result "1-0"]
[WhiteElo "2070"]
[BlackElo "2117"]
[PlyCount "47"]
[EventDate "2009.??.??"]
[EventType "k.o."]
[EventRounds "1"]
[EventCountry "GER"]
[SourceTitle "EXT 2011"]
[Source "ChessBase"]
[SourceDate "2010.11.26"]
[SourceVersion "1"]
[SourceVersionDate "2010.11.26"]
[SourceQuality "1"]

1. e4 c5 2. Nf3 Nc6 3. d4 cxd4 4. Nxd4 Nf6 5. Nc3 d6 6. Bg5 Qb6 7. Nb3 Ng4 8. Qd2 h6 9. Bh4 e6 10. a4 Be7 11. Bxe7 Kxe7 12. a5 Qd8 13. Be2 Nf6 14. 0-0 d5 15. exd5 Nxd5 16. Rad1 Rg8 17. Bf3 Nxc3 18. Qxc3 Qc7 19. Qc5+ Kf6 20. a6 Qb6 21. Qc3+ Ke7 22. axb7 Bxb7 23. Nc5 Bc8 24. Na4 1-0

[Event "Muensterland Verbandsklasse-B 0910"]
[Site "Germany"]
[Date "2009.12.19"]
[Round "4.1"]
[White "Wetterau, Georg"]
[Black "Koch, Alexander"]
[Result "0-1"]
[WhiteElo "1895"]
[BlackElo "2117"]
[PlyCount "58"]
[EventDate "2009.09.19"]
[EventType "team-tourn"]
[EventRounds "9"]
[EventCountry "GER"]
[SourceTitle "EXT 2011"]
[Source "ChessBase"]
[SourceDate "2010.11.26"]
[SourceVersion "1"]
[SourceVersionDate "2010.11.26"]
[SourceQuality "1"]
[WhiteTeam "Nordwalde"]
[BlackTeam "Metelen"]
[WhiteTeamCountry "GER"]
[BlackTeamCountry "GER"]

1. e4 c5 2. d3 Nc6 3. g3 Nf6 4. Bg2 e6 5. Nf3 d5 6. Nbd2 Be7 7. 0-0 0-0 8. e5 Nd7 9. Re1 Rb8 10. Nf1 b5 11. h4 f5 12. exf6 Bxf6 13. Bg5 h6 14. Bxf6 Qxf6 15. Qe2 Nb6 16. c3 Bd7 17. N1h2 e5 18. g4 Rbe8 19. g5 hxg5 20. hxg5 Qg6 21. Qd2 e4 22. dxe4 dxe4 23. Qc2 Qf5 24. Nh4 Qxg5 25. Rxe4 Rxe4 26. Qxe4 Rf4 27. Qg6 Qxh4 28. Bxc6 Qxf2+ 29. Kh1 Rf6 0-1

[Event "Muensterland Verbandsklasse-B 0910"]
[Site "Germany"]
[Date "2009.09.19"]
[Round "1.1"]
[White "Koch, Alexander"]
[Black "Lodde, Martin"]
[Result "1-0"]
[WhiteElo "2117"]
[BlackElo "1932"]
[PlyCount "77"]
[EventDate "2009.09.19"]
[EventType "team-tourn"]
[EventRounds "9"]
[EventCountry "GER"]
[SourceTitle "EXT 2011"]
[Source "ChessBase"]
[SourceDate "2010.11.26"]
[SourceVersion "1"]
[SourceVersionDate "2010.11.26"]
[SourceQuality "1"]
[WhiteTeam "Metelen"]
[BlackTeam "Telgte"]
[WhiteTeamCountry "GER"]
[BlackTeamCountry "GER"]

1. e4 d5 2. exd5 Qxd5 3. Nc3 Qa5 4. d4 c6 5. Bc4 Bf5 6. Nge2 Nf6 7. Bd2 e6 8. Ng3 Bg6 9. 0-0 Bb4 10. a3 Bxc3 11. Bxc3 Qc7 12. Re1 Nbd7 13. Rc1 0-0-0 14. b4 h5 15. Bd3 Bxd3 16. cxd3 b5 17. a4 a6 18. axb5 axb5 19. Qf3 Nb6 20. Ne4 Nxe4 21. dxe4 Nc4 22. Ra1 Kb7 23. d5 e5 24. dxc6+ Qxc6 25. Qxf7+ Rd7 26. Qf3 Qg6 27. Ra2 Ra8 28. Rxa8 Kxa8 29. Ra1+ Kb7 30. Qf8 Nb6 31. Bxe5 Nc8 32. h3 Qxe4 33. Rc1 Rd1+ 34. Rxd1 Qxe5 35. Rd7+ Kb8 36. Qxg7 Qe1+ 37. Kh2 Qxf2 38. Qe5+ Ka8 39. Qd5+ 1-0

[Event "Muensterland Verbandsklasse-A 0809"]
[Site "Germany"]
[Date "2009.02.07"]
[Round "6.1"]
[White "Richter, Juergen"]
[Black "Koch, Alexander"]
[Result "0-1"]
[WhiteElo "1999"]
[BlackElo "2134"]
[PlyCount "58"]
[EventDate "2008.09.13"]
[EventType "team-tourn"]
[EventRounds "9"]
[EventCountry "GER"]
[SourceTitle "EXT 2010"]
[Source "ChessBase"]
[SourceDate "2010.11.25"]
[SourceVersion "1"]
[SourceVersionDate "2010.11.25"]
[SourceQuality "1"]
[WhiteTeam "Ibbenbueren"]
[BlackTeam "Metelen"]
[WhiteTeamCountry "GER"]
[BlackTeamCountry "GER"]

1. d4 Nf6 2. c4 g6 3. Nc3 Bg7 4. e4 d6 5. Nf3 0-0 6. Be2 e5 7. 0-0 Nc6 8. d5 Ne7 9. Re1 h6 10. b4 Nh7 11. c5 f5 12. Nd2 h5 13. Qb3 Nf6 14. Bd3 f4 15. Ba3 Ne8 16. Be2 Rf6 17. Rac1 Bh6 18. Rc2 Kh7 19. b5 g5 20. Nd1 g4 21. f3 Ng6 22. fxg4 hxg4 23. Nf2 g3 24. Ng4 gxh2+ 25. Kh1 Bxg4 26. Bxg4 Nh4 27. Nf3 Rg6 28. Bh3 Nxf3 29. gxf3 Qh4 0-1